[Event "PRO League Group Stage"]
[Site "chess.com INT"]
[Date "2020.01.23"]
[Round "3"]
[White "Spoelman, Wouter"]
[Black "Bartel, Mateusz"]
[Result "1/2-1/2"]
[WhiteTitle "GM"]
[BlackTitle "GM"]
[WhiteElo "2578"]
[BlackElo "2639"]
[WhiteTeam "Netherlands Mosquitoes"]
[BlackTeam "Poland Hussars"]
[WhiteFideId "1010891"]
[BlackFideId "1112635"]
[EventDate "2020.01.06"]

1. c4 d6 2. g3 f5 3. Bg2 Nf6 4. Nc3 e5 5. d3 Be7 6. Nf3 Na6 7. O-O c6 8. Rb1 O-O
9. b4 Nc7 10. b5 c5 11. a4 a5 12. Ne1 Rb8 13. Nc2 b6 14. f4 Be6 15. Ne3 exf4 16.
gxf4 d5 17. cxd5 Ncxd5 18. Ncxd5 Nxd5 19. Nxd5 Bxd5 20. e4 Be6 21. Bb2 Bf6 22.
e5 Be7 23. Qf3 Qd7 24. Rfd1 Rfd8 25. d4 Bd5 26. Qxd5+ Qxd5 27. Bxd5+ Rxd5 28.
dxc5 Bxc5+ 29. Kf1 Rbd8 30. Ke2 Kf7 31. Rxd5 Rxd5 32. Rd1 Rxd1 33. Kxd1 h6 34.
e6+ Kxe6 35. Bxg7 h5 36. Ke2 Kd5 37. Kd3 Bd6 38. Bd4 Bxf4 39. Bxb6 Bxh2 40. Bxa5
h4 41. Ke2 h3 42. Kf2 f4 43. Bc7 Bg3+ 44. Kg1 Kc5 45. Kh1 h2 46. Be5 Kb6 47. Bd6
Ka5 48. Bc7+ Kxa4 49. b6 Bf2 50. b7 Ba7 51. Bxf4 Kb5 52. Bxh2 Kc6 53. Bg1 Kxb7 1/2-1/2

[Event "PRO League Group Stage"]
[Site "chess.com INT"]
[Date "2020.01.23"]
[Round "3"]
[White "Dragun, Kamil"]
[Black "Vrolijk, Liam"]
[Result "1/2-1/2"]
[WhiteTitle "GM"]
[BlackTitle "IM"]
[WhiteElo "2587"]
[BlackElo "2478"]
[WhiteTeam "Poland Hussars"]
[BlackTeam "Netherlands Mosquitoes"]
[WhiteFideId "1134167"]
[BlackFideId "1048333"]
[EventDate "2020.01.06"]

1. d4 Nf6 2. c4 e6 3. Nf3 d5 4. Nc3 c6 5. cxd5 exd5 6. Bg5 Bf5 7. e3 Be7 8. Bd3
Bxd3 9. Qxd3 Nbd7 10. O-O O-O 11. Rab1 a5 12. a3 Re8 13. Qc2 Nh5 14. Bxe7 Qxe7
15. b4 axb4 16. axb4 b5 17. Ne2 Rec8 18. Nc1 Nhf6 19. Nd3 Nb6 20. Ra1 Nc4 21.
Nfe5 Ne4 22. Rxa8 Rxa8 23. Nxc6 Qb7 24. Nce5 Qa7 25. Nxc4 bxc4 26. Nc5 Nd6 27.
e4 Qa1 28. exd5 Qxd4 29. h3 Ra1 30. Rxa1 Qxa1+ 31. Kh2 Qe5+ 32. Kg1 Qe1+ 33. Kh2
Qxb4 34. Ne4 f5 35. Nc3 Qb8 36. g3 Qe8 37. Kg2 Qe5 38. Qe2 Qxe2 39. Nxe2 Nb5 40.
Kf3 Kf7 41. Ke3 Ke7 42. Nd4 Nd6 43. f3 Kf6 44. Nc6 Nb5 1/2-1/2

[Event "PRO League Group Stage"]
[Site "chess.com INT"]
[Date "2020.01.23"]
[Round "3"]
[White "Nasuta, Grzegorz"]
[Black "Ducarmon, Quinten"]
[Result "1/2-1/2"]
[WhiteTitle "GM"]
[BlackTitle "IM"]
[WhiteElo "2561"]
[BlackElo "2486"]
[WhiteTeam "Poland Hussars"]
[BlackTeam "Netherlands Mosquitoes"]
[WhiteFideId "1141686"]
[BlackFideId "1025007"]
[EventDate "2020.01.06"]

1. e4 c6 2. d4 d5 3. Nc3 dxe4 4. Nxe4 Bf5 5. Qf3 e6 6. Ne2 Nd7 7. N2g3 Bg6 8. h4
Ngf6 9. h5 Bxe4 10. Nxe4 Nxe4 11. Qxe4 Nf6 12. Qf4 h6 13. c3 Qd5 14. Be2 Bd6 15.
Qf3 O-O 16. Bd2 Rfe8 17. O-O a5 18. a4 e5 19. Qxd5 Nxd5 20. dxe5 Rxe5 21. Bf3
Rae8 22. Rae1 Rxe1 23. Rxe1 Rxe1+ 24. Bxe1 Nf4 25. Bd2 Nd3 26. b3 Bc5 27. Kf1
Nxf2 28. b4 axb4 29. cxb4 Ba7 30. Ke2 Nh1 31. Bf4 f5 32. b5 cxb5 33. axb5 Kf7
34. Bxb7 g5 35. hxg6+ Kxg6 36. Bc7 Nf2 37. b6 Bxb6 38. Bxb6 Ng4 39. Bd4 Kg5 40.
Bf3 h5 41. Bb6 Kh4 42. Bf2+ Kg5 43. Bc5 Kh4 44. Bxg4 Kxg4 45. Bd6 f4 46. Kf2 h4
47. Kg1 h3 48. gxh3+ Kxh3 49. Bxf4 1/2-1/2

[Event "PRO League Group Stage"]
[Site "chess.com INT"]
[Date "2020.01.23"]
[Round "3"]
[White "Korobov, Anton"]
[Black "Hammer, Jon Ludvig"]
[Result "1-0"]
[WhiteTitle "GM"]
[BlackTitle "GM"]
[WhiteElo "2685"]
[BlackElo "2628"]
[WhiteTeam "Germany Bears"]
[BlackTeam "Norway Gnomes"]
[WhiteFideId "14105730"]
[BlackFideId "1503707"]
[EventDate "2020.01.06"]

1. d4 Nf6 2. c4 e6 3. Nc3 Bb4 4. e3 O-O 5. Bd3 d5 6. a3 Bxc3+ 7. bxc3 dxc4 8.
Bxc4 c5 9. Nf3 Qc7 10. Ba2 b6 11. O-O Bb7 12. Bb2 Nbd7 13. Nd2 e5 14. f3 Rae8
15. e4 Nh5 16. Nc4 Ba6 17. Qa4 Nb8 18. Rfe1 Nf4 19. Rad1 b5 20. Qa5 Qxa5 21.
Nxa5 c4 22. Bb1 f6 23. a4 bxa4 24. Ba3 Rf7 25. Bc2 Bb5 26. dxe5 fxe5 27. g3 Nd3
28. Bxd3 cxd3 29. c4 Nc6 30. cxb5 Nxa5 31. Rxd3 Nc4 32. Rc1 Nxa3 33. Rxa3 Re6
34. Rc6 Rxc6 35. bxc6 Rc7 36. Rxa4 Rxc6 37. Rxa7 Rc5 38. Kg2 Kf8 39. Kh3 Rc2 40.
Ra5 Rf2 41. Rxe5 Rxf3 42. Rf5+ Rxf5 43. exf5 Kf7 44. Kg4 Kf6 45. Kf4 Kf7 46. g4
Ke7 47. g5 Kf7 48. Ke5 Ke7 49. f6+ Kf7 50. Kf5 Kg8 51. Ke6 Kf8 52. f7 h5 53.
gxh6 gxh6 54. Kf6 h5 55. Kg6 h4 56. h3 Ke7 57. Kg7 Ke6 58. f8=Q 1-0

[Event "PRO League Group Stage"]
[Site "chess.com INT"]
[Date "2020.01.23"]
[Round "3"]
[White "Braun, Arik"]
[Black "Urkedal, Frode Olav Olsen"]
[Result "1-0"]
[WhiteTitle "GM"]
[BlackTitle "GM"]
[WhiteElo "2605"]
[BlackElo "2528"]
[WhiteTeam "Germany Bears"]
[BlackTeam "Norway Gnomes"]
[WhiteFideId "4663527"]
[BlackFideId "1506102"]
[EventDate "2020.01.06"]

1. Nf3 Nf6 2. c4 e6 3. e3 b6 4. d4 Bb7 5. Bd3 d5 6. O-O dxc4 7. Bxc4 Be7 8. Nc3
O-O 9. Qe2 Ne4 10. Nxe4 Bxe4 11. Rd1 Nd7 12. b3 Qc8 13. Bb2 a6 14. Nd2 Bb7 15.
Rac1 Qb8 16. Bd3 Rd8 17. Ne4 h6 18. Ng3 Nf6 19. e4 c5 20. dxc5 Bxc5 21. e5 Nd5
22. Nh5 Bf8 23. Qg4 Kh8 24. h4 Rd7 25. Bb1 Qd8 26. Rd3 g6 27. Rg3 Ne7 28. Nf6
Rd2 29. Bc3 Nf5 30. Bxf5 exf5 31. Qxf5 Bc5 32. Qf4 Bxf2+ 33. Kf1 g5 34. Qf5 Kg7
35. hxg5 Kf8 36. gxh6 Ke7 37. Bb4+ Bc5 38. Rxc5 bxc5 39. Bxc5+ 1-0

[Event "PRO League Group Stage"]
[Site "chess.com INT"]
[Date "2020.01.23"]
[Round "3"]
[White "Erigaisi, Arjun"]
[Black "Mons, Leon"]
[Result "1-0"]
[WhiteTitle "GM"]
[BlackTitle "GM"]
[WhiteElo "2575"]
[BlackElo "2554"]
[WhiteTeam "Norway Gnomes"]
[BlackTeam "Germany Bears"]
[WhiteFideId "35009192"]
[BlackFideId "4614950"]
[EventDate "2020.01.06"]

1. e4 e5 2. Nf3 Nc6 3. Bb5 a6 4. Ba4 Nf6 5. O-O Be7 6. Re1 b5 7. Bb3 d6 8. c3
O-O 9. h3 Bb7 10. d4 Re8 11. Nbd2 exd4 12. cxd4 Nd7 13. Nf1 Na5 14. Bc2 Bf6 15.
Rb1 c5 16. d5 Nc4 17. b3 Nce5 18. N3h2 c4 19. b4 a5 20. a3 axb4 21. axb4 c3 22.
Ne3 Nb6 23. Nhg4 Nxg4 24. Nxg4 Nc4 25. Qd3 Rc8 26. e5 Nxe5 27. Qxh7+ Kf8 28. Bf4
Rc4 29. Bg3 g6 30. Nh6 Bxd5 31. Rbd1 Rd4 32. Rxd4 Nf3+ 33. gxf3 Rxe1+ 34. Kg2
Bxd4 35. Qg8+ Ke7 36. Bh4+ f6 37. Qg7+ Ke6 38. Qf7+ Ke5 39. Bg3# 1-0

[Event "PRO League Group Stage"]
[Site "chess.com INT"]
[Date "2020.01.23"]
[Round "3"]
[White "Niemann, Hans Moke"]
[Black "Bezold, Michael"]
[Result "1-0"]
[WhiteTitle "IM"]
[BlackTitle "GM"]
[WhiteElo "2465"]
[BlackElo "2479"]
[WhiteTeam "Norway Gnomes"]
[BlackTeam "Germany Bears"]
[WhiteFideId "2093596"]
[BlackFideId "4601718"]
[EventDate "2020.01.06"]

1. d4 g6 2. e4 Bg7 3. Nf3 d6 4. Bc4 a6 5. O-O e6 6. Qe2 Ne7 7. Bg5 h6 8. Bh4 Nd7
9. c3 b6 10. Nbd2 Bb7 11. h3 O-O 12. Rad1 g5 13. Bg3 Ng6 14. Nh2 Qe7 15. f4 gxf4
16. Bxf4 Nxf4 17. Rxf4 c5 18. Ndf3 b5 19. Bd3 e5 20. Rg4 Nf6 21. Rh4 Rae8 22. d5
Bc8 23. Qe3 Nxd5 24. exd5 f5 25. Re1 Qf6 26. Ng4 fxg4 27. hxg4 Qf4 28. g5 Qxe3+
29. Rxe3 h5 30. Bg6 Re7 31. Nd2 e4 32. Rhxe4 Rxe4 33. Nxe4 Be5 34. Bxh5 c4 35.
Nf6+ Kg7 36. Ne8+ Kg8 37. Nf6+ Kg7 38. Rf3 b4 39. Kf2 b3 40. a3 Bb7 41. Ke3 a5
42. Bg4 Kg6 43. Be6 Rh8 44. Ne4 Rh1 45. Rf2 Re1+ 46. Re2 Rd1 47. g3 Rd3+ 48. Kf2
Bxd5 49. Bxd5 Rxd5 50. Nd2 Rd3 51. Nxc4 Bxg3+ 52. Kg2 a4 53. Re3 Rxe3 54. Nxe3
Be1 55. Nc4 d5 56. Ne5+ Kf5 57. Nd3 Bd2 58. Kf3 Bxg5 59. Nc5 Bc1 60. Nxa4 Ke5
61. Nc5 Kd6 62. Nd3 Bd2 63. Kg4 Be3 64. Kf5 Bd2 65. Kf6 Bc1 66. Kf7 Bd2 67. Ke8
d4 68. c4 Bc3 69. a4 Kc6 70. Ke7 Kb6 71. c5+ Kc6 72. Ke6 Bxb2 73. a5 Ba3 74. a6
Bxc5 75. Nxc5 b2 76. a7 1-0

[Event "PRO League Group Stage"]
[Site "chess.com INT"]
[Date "2020.01.23"]
[Round "3"]
[White "Moiseenko, Alexander"]
[Black "Forcen Esteban, Daniel"]
[Result "1-0"]
[WhiteTitle "GM"]
[BlackTitle "GM"]
[WhiteElo "2620"]
[BlackElo "2548"]
[WhiteTeam "Italy Gladiators"]
[BlackTeam "Spain Raptors"]
[WhiteFideId "14102560"]
[BlackFideId "2288230"]
[EventDate "2020.01.06"]

1. d4 Nf6 2. c4 d6 3. Nc3 e5 4. Nf3 Nbd7 5. Bg5 h6 6. Bh4 c6 7. e3 g6 8. dxe5
dxe5 9. Nxe5 g5 10. Bg3 Qa5 11. c5 Nxc5 12. Nc4 Qd8 13. Qxd8+ Kxd8 14. O-O-O+
Ke8 15. f3 Be6 16. e4 b5 17. Nd6+ Ke7 18. b4 Ncd7 19. Nf5+ Bxf5 20. exf5 Kd8 21.
Be5 Be7 22. Nxb5 cxb5 23. Bxb5 Rc8+ 24. Kb1 Rc7 25. a3 Re8 26. Rd3 Rb7 27. Bc6
Rb6 28. Rc1 1-0

[Event "PRO League Group Stage"]
[Site "chess.com INT"]
[Date "2020.01.23"]
[Round "3"]
[White "Valsecchi, Alessio"]
[Black "Diaz Camallonga, Carles"]
[Result "0-1"]
[WhiteTitle "GM"]
[BlackTitle "IM"]
[WhiteElo "2512"]
[BlackElo "2474"]
[WhiteTeam "Italy Gladiators"]
[BlackTeam "Spain Raptors"]
[WhiteFideId "818860"]
[BlackFideId "22235256"]
[EventDate "2020.01.06"]

1. e4 e6 2. d4 d5 3. Nc3 Bb4 4. exd5 exd5 5. Bd3 Nc6 6. a3 Bxc3+ 7. bxc3 Nge7 8.
Qh5 Be6 9. Ne2 Qd7 10. O-O O-O-O 11. Ng3 g6 12. Qh6 Nf5 13. Nxf5 Bxf5 14. Bg5
Rde8 15. Bf6 Rhg8 16. Rfe1 Bxd3 17. cxd3 Qf5 18. Be5 Nxe5 19. dxe5 Rxe5 20. Qxh7
Rge8 21. Rxe5 Qxe5 22. g3 Qxc3 23. Rf1 Qf6 24. Qh3+ Re6 25. Qg4 c6 26. Rb1 Qe7
27. a4 Kb8 28. Qf4+ Ka8 29. Kg2 a6 30. h4 Re2 31. Qd4 f6 32. Qg4 Qe8 33. a5 f5
34. Qb4 Qe7 35. Qd4 Ra2 36. Qh8+ Ka7 37. Qd4+ c5 38. Qxd5 Rxa5 39. Qg8 Qd6 40.
Qf7 Rb5 41. Rc1 Rb6 42. Qc4 Rc6 43. Re1 Qd4 44. Qb3 Rb6 45. Qd1 Qd5+ 46. Kg1 Rd6
47. Qc1 Rc6 48. Qc2 Qd4 49. Re7 c4 50. dxc4 Qxc4 51. Qxc4 Rxc4 52. Kf1 a5 53.
Ke2 Rc2+ 54. Ke3 a4 55. Rd7 Rc6 56. f3 Rc3+ 57. Kf4 a3 58. g4 fxg4 59. fxg4 a2
60. Rd1 Ra3 61. Ra1 b5 62. Ke4 Kb6 63. Kd4 Ka5 64. h5 gxh5 65. gxh5 Kb4 66. h6
Ra8 67. h7 Rd8+ 68. Ke5 Ka3 69. Rg1 Rh8 70. Rg3+ Ka4 71. Rg7 a1=Q+ 0-1

[Event "PRO League Group Stage"]
[Site "chess.com INT"]
[Date "2020.01.23"]
[Round "3"]
[White "Martinez Reyes, Pedro Ramon"]
[Black "Sonis, Francesco"]
[Result "0-1"]
[WhiteTitle "FM"]
[BlackTitle "IM"]
[WhiteElo "2407"]
[BlackElo "2458"]
[WhiteTeam "Spain Raptors"]
[BlackTeam "Italy Gladiators"]
[WhiteFideId "3901807"]
[BlackFideId "895733"]
[EventDate "2020.01.06"]

1. e4 c5 2. c3 g6 3. d4 cxd4 4. cxd4 d5 5. e5 Nc6 6. Nf3 Bg4 7. Bb5 Rc8 8. Nc3
a6 9. Bxc6+ Rxc6 10. Qb3 Bxf3 11. gxf3 Qc7 12. Qxd5 e6 13. Qb3 Ne7 14. Bg5 Nf5
15. O-O-O Rb6 16. Qc2 Bb4 17. d5 Bxc3 18. Qxc3 Qxc3+ 19. bxc3 Kd7 20. Kc2 Rc8
21. Rb1 Rxb1 22. Rxb1 b5 23. a4 exd5 24. axb5 Nd4+ 25. Kd3 Nxb5 26. Bd2 Ke6 27.
f4 Rc6 28. h4 Kf5 29. h5 gxh5 30. Rh1 Rh6 31. Rg1 Rg6 32. Rh1 Kg4 33. Rg1+ Kf3
34. Rh1 Kxf2 35. Rxh5 Rg3+ 36. Kc2 d4 37. Rxh7 dxc3 38. Bc1 Nd4+ 39. Kb1 Rg1 40.
Rxf7 Ne2 41. e6 Rxc1+ 42. Ka2 Nd4 43. f5 Re1 44. Rc7 c2 45. Kb2 Rb1+ 46. Ka2
c1=Q 47. Rxc1 Rxc1 48. e7 Rc8 49. f6 Nf5 50. Kb3 Nxe7 51. fxe7 Re8 0-1

[Event "PRO League Group Stage"]
[Site "chess.com INT"]
[Date "2020.01.23"]
[Round "3"]
[White "Herrera Reyes, Jose Antonio"]
[Black "Lodici, Lorenzo"]
[Result "0-1"]
[WhiteTitle "FM"]
[BlackTitle "IM"]
[WhiteElo "2304"]
[BlackElo "2477"]
[WhiteTeam "Spain Raptors"]
[BlackTeam "Italy Gladiators"]
[WhiteFideId "2274914"]
[BlackFideId "884189"]
[EventDate "2020.01.06"]

1. Nf3 d5 2. g3 Nf6 3. Bg2 e6 4. d3 Be7 5. O-O O-O 6. c3 c5 7. a3 Nc6 8. b4 b6
9. Nbd2 Bb7 10. Bb2 a5 11. b5 Nb8 12. e3 Nbd7 13. c4 Qc7 14. Qc2 Rac8 15. cxd5
exd5 16. e4 d4 17. Nc4 Rfe8 18. Bc1 Nf8 19. Bf4 Qd8 20. Ng5 h6 21. Nxf7 Kxf7 22.
Qa2 Kg6 23. Bh3 Kh7 24. Ne5 g5 25. Bf5+ Kg7 26. Qf7+ Kh8 27. Ng6+ Nxg6 28. Qxg6
Bf8 29. e5 Qd5 30. f3 gxf4 31. exf6 Qg8 32. Qh5 Re5 33. Rae1 Rxf5 34. Qxf5 fxg3
35. Qe5 Qg5 36. f4 gxh2+ 0-1

[Event "PRO League Group Stage"]
[Site "chess.com INT"]
[Date "2020.01.23"]
[Round "3"]
[White "Wojtaszek, Radoslaw"]
[Black "Spoelman, Wouter"]
[Result "0-1"]
[WhiteTitle "GM"]
[BlackTitle "GM"]
[WhiteElo "2725"]
[BlackElo "2578"]
[WhiteTeam "Poland Hussars"]
[BlackTeam "Netherlands Mosquitoes"]
[WhiteFideId "1118358"]
[BlackFideId "1010891"]
[EventDate "2020.01.06"]

1. Nf3 d5 2. e3 c6 3. c4 Nf6 4. Nc3 e6 5. Qc2 Nbd7 6. b3 b6 7. cxd5 exd5 8. Bb2
Bb7 9. g3 d4 10. exd4 Bd6 11. Bg2 Qe7+ 12. Kf1 O-O 13. Re1 Qd8 14. Ne5 Nd5 15.
Nxd5 cxd5 16. Bf3 Rc8 17. Qf5 Nf6 18. Kg2 g6 19. Qg5 Rc2 20. Rb1 Ne4 21. Qxd8
Rxd8 22. Rhc1 Rxd2 23. Ng4 f5 24. Bxe4 fxg4 25. Bc3 dxe4 26. Bxd2 e3+ 27. Kg1
exd2 0-1

[Event "PRO League Group Stage"]
[Site "chess.com INT"]
[Date "2020.01.23"]
[Round "3"]
[White "Bartel, Mateusz"]
[Black "Klein, David"]
[Result "1-0"]
[WhiteTitle "GM"]
[BlackTitle "GM"]
[WhiteElo "2639"]
[BlackElo "2495"]
[WhiteTeam "Poland Hussars"]
[BlackTeam "Netherlands Mosquitoes"]
[WhiteFideId "1112635"]
[BlackFideId "1003623"]
[EventDate "2020.01.06"]

1. e4 a6 2. d4 h6 3. c4 d6 4. Nc3 Nd7 5. Be3 e5 6. Nf3 Be7 7. Qc2 Ngf6 8. Rd1
Ng4 9. Bc1 exd4 10. Nxd4 c6 11. Nf5 O-O 12. Nxd6 Bxd6 13. Rxd6 Qe7 14. Rd1 f5
15. Be2 Qh4 16. Bxg4 fxg4 17. Be3 Ne5 18. b3 g3 19. fxg3 Qe7 20. h3 b5 21. Rf1
Be6 22. Rxf8+ Rxf8 23. cxb5 axb5 24. Ne2 Qb4+ 25. Rd2 Kh8 26. Nf4 Bc4 27. bxc4
g5 28. Bd4 gxf4 29. Bxe5+ Kh7 30. Bd6 f3 31. e5+ Kg8 32. Qg6+ Kh8 33. Qxh6+ Kg8
34. Qg5+ Kh7 35. Qh5+ Kg8 36. Qg4+ Kh7 37. Qd7+ Kg8 38. Qe6+ Kh7 39. Bxb4 fxg2
40. Rd7+ Kh8 41. Qh6+ Kg8 42. Qg6+ Kh8 43. Rh7# 1-0

[Event "PRO League Group Stage"]
[Site "chess.com INT"]
[Date "2020.01.23"]
[Round "3"]
[White "Ducarmon, Quinten"]
[Black "Dragun, Kamil"]
[Result "0-1"]
[WhiteTitle "IM"]
[BlackTitle "GM"]
[WhiteElo "2486"]
[BlackElo "2587"]
[WhiteTeam "Netherlands Mosquitoes"]
[BlackTeam "Poland Hussars"]
[WhiteFideId "1025007"]
[BlackFideId "1134167"]
[EventDate "2020.01.06"]

1. e4 c5 2. Nf3 e6 3. d4 cxd4 4. Nxd4 Nc6 5. Nc3 Qc7 6. Be2 a6 7. O-O Nf6 8. Kh1
Be7 9. f4 d6 10. Nxc6 bxc6 11. b3 O-O 12. Bb2 a5 13. Qd3 Ba6 14. Qg3 Bxe2 15.
Nxe2 g6 16. Qc3 a4 17. f5 a3 18. Bc1 Nxe4 19. Qh3 exf5 20. Bh6 Rfe8 21. g4 Bf6
22. Rad1 fxg4 23. Qxg4 d5 24. c4 Rad8 25. cxd5 Rxd5 26. Rxd5 cxd5 27. Nf4 Qc6
28. Nh5 d4 29. Qg2 Bh8 30. Qf3 f5 31. b4 gxh5 32. Rg1+ Kf7 33. Qxh5+ Ke6 0-1

[Event "PRO League Group Stage"]
[Site "chess.com INT"]
[Date "2020.01.23"]
[Round "3"]
[White "Vrolijk, Liam"]
[Black "Nasuta, Grzegorz"]
[Result "1-0"]
[WhiteTitle "IM"]
[BlackTitle "GM"]
[WhiteElo "2478"]
[BlackElo "2561"]
[WhiteTeam "Netherlands Mosquitoes"]
[BlackTeam "Poland Hussars"]
[WhiteFideId "1048333"]
[BlackFideId "1141686"]
[EventDate "2020.01.06"]

1. d4 d5 2. c4 c6 3. Nf3 Nf6 4. Nc3 dxc4 5. a4 Bf5 6. Ne5 Nbd7 7. Nxc4 Nb6 8.
Ne5 a5 9. h4 e6 10. f3 h6 11. e4 Bh7 12. Be3 Nfd7 13. Nd3 Bd6 14. Bf2 Qe7 15.
Qb3 Bb4 16. Be2 O-O 17. O-O f5 18. Nf4 Rae8 19. e5 g5 20. hxg5 hxg5 21. Nd3 f4
22. Nxb4 axb4 23. a5 bxc3 24. axb6 cxb2 25. Qxb2 Qd8 26. Ra7 Qxb6 27. Qa3 Qc7
28. Qb3 Qb6 29. Qxb6 Nxb6 30. Rxb7 Rb8 31. Re7 Bf5 32. Rc7 Rfc8 33. Rxc8+ Rxc8
34. Rc1 Nd5 35. Bb5 Nb4 36. Be1 Nc2 37. Ba6 Ra8 38. Bc4 Nxd4 39. Bb4 Ra4 40. Be7
Kf7 41. Bxg5 Bc2 42. Bf1 Bf5 43. Bxf4 Nb3 44. Rc3 Rxf4 45. Rxb3 Rd4 46. Rc3 Rd1
47. Kf2 Rd2+ 48. Be2 Rd5 49. f4 c5 50. Bf3 Rd4 51. Ke3 Ra4 52. Rxc5 Ra3+ 53. Kf2
Ra4 54. Kg3 Rb4 55. Rc7+ Kg6 56. Rc1 Ra4 57. Rh1 Rb4 58. Bh5+ Kg7 59. Rf1 Rb3+
60. Rf3 Rb2 61. Re3 Bc2 62. Bg4 Kf7 63. Rc3 Rb3 64. Rxb3 Bxb3 65. Kh4 Kg6 66.
Bh3 Bd5 67. Kg3 Bc4 68. Kf2 Kf7 69. Ke3 Bd5 70. g4 Bb3 71. f5 Bd5 72. Kf4 Bb3
73. Bf1 Ba2 74. Bd3 Bb3 75. f6 Bd5 76. Kg5 Bb3 77. Kh6 Bd5 78. g5 Kf8 79. Bh7
Bf3 80. g6 1-0

[Event "PRO League Group Stage"]
[Site "chess.com INT"]
[Date "2020.01.23"]
[Round "3"]
[White "Gozzoli, Yannick"]
[Black "Amin, Bassem"]
[Result "1-0"]
[WhiteTitle "GM"]
[BlackTitle "GM"]
[WhiteElo "2604"]
[BlackElo "2673"]
[WhiteTeam "France Roosters"]
[BlackTeam "Sweden Wasabis"]
[WhiteFideId "616915"]
[BlackFideId "10601457"]
[EventDate "2020.01.06"]

1. d4 Nf6 2. Nf3 g6 3. c4 Bg7 4. Nc3 O-O 5. e4 d6 6. Be2 e5 7. O-O Nc6 8. d5 Ne7
9. b4 a5 10. Ba3 Re8 11. bxa5 Rxa5 12. Bb4 Ra8 13. a4 Bf8 14. Nd2 c5 15. Ba3 Nd7
16. Nb5 Ra6 17. Bb2 f5 18. f4 Bg7 19. Qc2 fxe4 20. Nxe4 Nf5 21. Ra3 Nf6 22.
Nexd6 Nxd6 23. fxe5 Bf5 24. Bd3 Nxd5 25. cxd5 Bxe5 26. Bxe5 Rxe5 27. Qxc5 Nxb5
28. Bxb5 Rd6 29. Re3 Rxe3 30. Qxe3 Kg7 31. g4 Bc8 32. Qe5+ Kg8 33. Be8 h6 34.
Rf7 Qb6+ 35. Kg2 1-0

[Event "PRO League Group Stage"]
[Site "chess.com INT"]
[Date "2020.01.23"]
[Round "3"]
[White "Bauer, Christian"]
[Black "Grandelius, Nils"]
[Result "0-1"]
[WhiteTitle "GM"]
[BlackTitle "GM"]
[WhiteElo "2625"]
[BlackElo "2673"]
[WhiteTeam "France Roosters"]
[BlackTeam "Sweden Wasabis"]
[WhiteFideId "603767"]
[BlackFideId "1710400"]
[EventDate "2020.01.06"]

1. Nf3 c5 2. e4 d6 3. Bc4 Nf6 4. d3 Nc6 5. c3 a6 6. Bb3 Bg4 7. h3 Bh5 8. Nbd2 e6
9. Qe2 Be7 10. Nf1 Nd7 11. Ng3 Bg6 12. O-O O-O 13. d4 cxd4 14. cxd4 Bf6 15. Rd1
Rc8 16. Bf4 Nb6 17. d5 exd5 18. Bxd5 Re8 19. Bxd6 Nxd5 20. Rxd5 Qb6 21. e5 Bd8
22. Qd2 Ne7 23. Rd4 Rc2 24. Qf4 Nc6 25. Rd2 Qxb2 26. Rxc2 Qxa1+ 27. Qc1 Qxc1+
28. Rxc1 f6 29. exf6 Bxf6 30. Bc5 Rd8 31. Be3 Rd3 32. Ne2 Bf7 33. Rc2 h6 34. Nc1
Rc3 35. Rxc3 Bxc3 36. Bd2 Bb2 37. Nb3 b6 38. Be3 b5 39. Bd2 b4 40. Ne1 Bc4 41.
f3 a5 42. Nxa5 Nxa5 43. Bxb4 Nc6 44. Bd2 Bxa2 45. g4 Bd5 46. Kf2 Ne5 47. Kg3 Nc4
48. Bf4 Bc3 49. Nd3 Nd2 50. Be5 Ba5 51. f4 Ne4+ 52. Kh2 Bc4 53. Nb2 Be2 54. Na4
Kf7 55. Kg2 h5 56. gxh5 Bxh5 57. Kf1 g6 58. Nb2 Nd2+ 59. Kf2 Bb6+ 60. Kg2 Bf3+
61. Kg3 Be2 62. Na4 Ne4+ 63. Kg2 Be3 64. Nb2 Ke6 65. Bc7 Bd4 66. Na4 Bb5 67. Nb6
Bxb6 68. Bxb6 Kf5 69. Bc7 Nf6 70. Kg3 Bc6 71. Kf2 Nh5 72. Ke3 Bg2 73. h4 Kg4 74.
Kf2 Bc6 75. Ke3 Bd7 76. Bd6 Kxh4 77. Ke4 Kg4 78. Ke3 Kf5 79. Bb8 Nf6 80. Kf3
Bc6+ 81. Kf2 Kg4 82. Ke3 Bf3 83. Kd4 Nh5 84. Ke3 Bb7 85. Be5 Bc8 86. Bc7 Bb7 87.
Be5 Ba8 88. Bd6 Ng7 89. Be5 Ne6 90. Bd6 Kf5 91. Bb8 Bb7 92. Bd6 Nd8 93. Kd4 Ke6
94. Bc7 Nc6+ 95. Ke3 Ne7 96. Bb8 Kf5 97. Kf2 Kg4 98. Ke3 Nd5+ 99. Ke4 Nxf4+ 100.
Ke5 g5 101. Ba7 Bc8 102. Be3 Ng6+ 103. Kf6 Nf4 104. Ke5 Kf3 105. Bd2 Nh3 106.
Bxg5 Nxg5 107. Kf6 Kg4 108. Kg6 Kf4 109. Kf6 Bf5 110. Kg7 Ke5 111. Kh6 Ne6 112.
Kh5 Kf6 113. Kh4 Bg6 114. Kg4 Ke5 115. Kh4 Kf4 116. Kh3 Ng5+ 117. Kh4 Nf3+ 118.
Kh3 Bf5+ 119. Kg2 Bg4 120. Kf2 Ne5 121. Kg2 Bf3+ 122. Kh3 Ng6 123. Kh2 Bd5 124.
Kh3 Kf3 125. Kh2 Kf2 126. Kh3 Be6+ 127. Kh2 Ne5 128. Kh1 Bh3 129. Kh2 Bf1 0-1

[Event "PRO League Group Stage"]
[Site "chess.com INT"]
[Date "2020.01.23"]
[Round "3"]
[White "Berg, Emanuel"]
[Black "Edouard, Romain"]
[Result "0-1"]
[WhiteTitle "GM"]
[BlackTitle "GM"]
[WhiteElo "2544"]
[BlackElo "2640"]
[WhiteTeam "Sweden Wasabis"]
[BlackTeam "France Roosters"]
[WhiteFideId "1704060"]
[BlackFideId "633429"]
[EventDate "2020.01.06"]

1. e4 e6 2. d4 d5 3. Nc3 Bb4 4. e5 c5 5. a3 Ba5 6. b4 cxd4 7. Nb5 Bb6 8. Bd3 Nc6
9. Nf3 f6 10. Qe2 fxe5 11. Nxe5 Nf6 12. Bb2 O-O 13. Nxc6 bxc6 14. Nxd4 Qd6 15.
Nf3 a5 16. O-O axb4 17. Be5 Qe7 18. axb4 Rxa1 19. Bxa1 Qxb4 20. h3 Ne4 21. Bxe4
Qxe4 22. Qd2 c5 23. Re1 Qg6 24. Ne5 Qf5 25. Re3 d4 26. Re1 Bc7 27. Ng4 h5 28.
Nh2 Bxh2+ 29. Kxh2 Qxf2 30. Re2 Qf4+ 31. Qxf4 Rxf4 32. Bb2 Rf5 33. Kg3 Kf7 34.
Bc1 e5 35. h4 Ke6 36. Rf2 Rxf2 37. Kxf2 Kd5 38. Bg5 Bf5 39. c3 Kc4 40. cxd4 cxd4
41. Ke2 Bg4+ 42. Kd2 e4 43. g3 e3+ 44. Ke1 Kd3 45. Be7 Ke4 46. Bf8 d3 0-1